000 00445nam a2200157Ia 4500
999 _c18777
_d18777
003 OSt
005 20200630153214.0
008 190216s9999||||xx |||||||||||||| ||und||
040 _coclc
082 _a954.03
_bTEN/G
100 _aTendulkar, D G
_93369
245 0 _aGandhi In Champaran /
_cD G Tendulkar
260 _bThe Publication Division,
_c1957.
300 _a115p
942 _cBK
_2ddc
_h954.03
_iTEN/G
_k954.03
_mTEN/G